Die größten YouTube Kanäle der Welt (2025) - Statistiken

Allgemein
  • Dieses Quiz wurde 788 mal gespielt
    42 seit der letzten Aktualisierung
  • Das Durchschnittsergebnis liegt bei 4 aus 53
Antwortstatistiken
Abonnenten Antwort Art der Videos Firma? % Korrekt
418.000.000 Mr. Beast Unterhaltung Nein
95%
110.800.000 PewDiePie Unterhaltung Nein
46%
300.000.000 T-series Bollywood Ja
44%
77.800.000 T-series Bhakti Bollywood (zweitkanal von Platz 2) Ja
44%
110.000.000 WWE wrestling Ja
33%
196.000.000 Cocomelon Videos für Kinder Ja
31%
61.300.000 Taylor Swift Musik Nein
23%
76.000.000 Justin Bieber Musik Nein
18%
82.700.000 Baby Shark- Pinkfong Kindermusik Ja
15%
65.500.000 Eminem Musik Nein
13%
81.200.000 Bangtant TV (BTS) K-Pop Ja
10%
61.500.000 Dude Perfect Unterhaltung Nein
8%
186.000.000 SET india Bollywood Ja
8%
98.200.000 Blackpink Musik Ja
5%
70.000.000 Mark Rober Unterhaltung Nein
5%
81.100.000 5 Minutes Craft Lifehacks /Unterhaltung Ja
3%
136.000.000 Kids Diana Show Videos für Kinder Ja
3%
130.000.000 Like Nastya Videos für Kinder Nein
3%
76.300.000 UR-Cristiano Unterhaltung Nein
3%
143.000.000 Vlad and Nicki Videos für Kinder Nein
3%
87.000.000 A4 Unterhaltung Nein
0%
73.200.000 Aaj Tak Bollywood Ja
0%
95.400.000 Alan´s Universe Unterhaltung Nein
0%
84.500.000 Alejo Igoa Unterhaltung Nein
0%
62.700.000 Anaya Kandhal Unterhaltung/Videos für KInder Nein
0%
64.500.000 ARY Digital HD Bollywood Ja
0%
60.000.000 Bispo Bruno Leopardo Christentum Nein
0%
67.900.000 Canal Condzilla Musik Ja
0%
97.000.000 Chu Chu Videos für Kinder Ja
0%
80.800.000 Colors TV Bollywood Ja
0%
69.800.000 El Reino Infantil Kindermusik Ja
0%
69.000.000 Fede Vigevani Unterhaltung Nein
0%
106.500.000 Goldmines Bollywood Ja
0%
69.200.000 HAR PAL GEO Pakistanische Filme und Serien Ja
0%
78.200.000 Hybe Labels Musik Ja
0%
70.600.000 Infobells Hindi Video für Kinder Ja
0%
64.600.000 ISSEI / いっせい Unterhaltung Nein
0%
114.600.000 KIMPRO Unterhaltung Nein
0%
75.200.000 KL BRO Biju Rithvik Unterhaltung/Videos für KInder Nein
0%
60.500.000 Looloo kids Videos für Kinder Ja
0%
64.700.000 Movie Clips Filme Ja
0%
72.900.000 Shemaroo Bollywood Ja
0%
67.000.000 Sonny Music INDIA Musik Ja
0%
102.000.000 Sonny SAB Bollywood Ja
0%
129.500.000 StokeTwins Unterhaltung Nein
0%
77.500.000 Tips (official) Bollywood Ja
0%
72.500.000 Topper Guild Unterhaltung/Videos für KInder Nein
0%
77.900.000 Toys and Colors Videos für Kinder Ja
0%
66.500.000 Wave Music Musik Ja
0%
64.100.000 YOLO AVENTURAS Videos für Kinder Nein
0%
67.500.000 YRF Bollywood Ja
0%
93.000.000 Zee Bollywood (zweitkanal von Platz 10) Ja
0%
119.600.000 Zee Music Musik Ja
0%
Keine übereinstimmenden Quizze gefunden
Verteilung der Resultate
Anzahl Personen mit jedem Resultat
Perzentil nach korrekt beantworteten Fragen
Ihre Resultats-Entwicklung
Sie haben dieses Quiz seit der letzten Aktualisierung nicht gespielt